000 01043nam a22003377a 4500
003 CHAP
005 20220329140712.0
008 971013s1957 r 00010 d
010 _a56296
011 _a57268
035 _a61422
040 _cCHAP
090 _aFolleto 921
100 0 0 _aSiekevitz, Philip.
_9105835
245 1 _aPowerhouse of the cell
260 _aSan Francisco :
_bFreeman,
_c1957
300 _a(7) p.
_b: ilus.
490 _aScientific American Offprints
_v; 36
500 _aReprited from Scientific American, July 1957
590 _aBATCH-UPD
_b10
_c20130110
_lUCH01
_h0015
590 _aBATCH-UPD
_b10
_c20130110
_lUCH01
_h1018
590 _aBATCH-UPD
_b10
_c20130410
_lUCH01
_h0624
590 _aBATCH-UPD
_b10
_c20130914
_lUCH01
_h0943
590 _aCONVERSION
_b10
_c20130109
_lUCH01
_h1330
650 1 4 _aCitologĂ­a.
_923489
650 1 4 _aMitocondria.
_976247
830 0 _aScientific American Offprints
_v; 36
_9103328
901 _aBK
942 _cFOLL
949 _afolleto 921
_bBC
_cFOLL
_d-131931
_eTS1
_i61422
_si
999 _c56296
_d56296